Single-gender Pokémon - Statistics

General Stats
  • This quiz has been taken 239 times
    91 since last reset
  • The average score is 38 of 62
Answer Stats
# Gender Pokémon % Correct
34 Nidoking
95%
31 Nidoqueen
95%
29 Nidoran♀
95%
32 Nidoran♂
95%
30 Nidorina
95%
33 Nidorino
95%
416 Vespiquen
78%
113 Chansey
77%
475 Gallade
75%
758 Salazzle
75%
478 Froslass
74%
107 Hitmonchan
74%
106 Hitmonlee
74%
237 Hitmontop
71%
242 Blissey
69%
124 Jynx
69%
115 Kangaskhan
69%
241 Miltank
68%
128 Tauros
68%
236 Tyrogue
68%
238 Smoochum
65%
314 Illumise
63%
313 Volbeat
63%
440 Happiny
60%
645 Landorus
60%
642 Thundurus
60%
413 Wormadam
60%
380 Latias
58%
381 Latios
58%
414 Mothim
58%
641 Tornadus
58%
905 Enamorus
57%
761 Bounsweet
52%
762 Steenee
52%
957 Tinkatink
52%
959 Tinkaton
52%
549 Lilligant
51%
1015 Munkidori
51%
1014 Okidogi
51%
539 Sawk
51%
538 Throh
51%
958 Tinkatuff
51%
763 Tsareena
51%
488 Cresselia
49%
669 Flabébé
49%
670 Floette
49%
671 Florges
49%
861 Grimmsnarl
49%
858 Hatterene
49%
548 Petilil
49%
1016 Fezandipiti
48%
856 Hatenna
48%
857 Hattrem
48%
859 Impidimp
48%
860 Morgrem
48%
1017 Ogerpon
48%
630 Mandibuzz
45%
629 Vullaby
45%
869 Alcremie
43%
628 Braviary
43%
868 Milcery
43%
627 Rufflet
43%
No matching quizzes found
Score Distribution
Percent of People with Each Score
Percentile by Number Answered
Your Score History
You have not taken this quiz since the last reset